LIBRARY & INFORMATION CENTRE, KCAET, TAVANUR

ONLINE PUBLIC ACCESS CATALOGUE (OPAC)

Towards a total reveloution : A documentary of Vinobaji`s toofan yatra in Bihar / (Record no. 382)

MARC details
000 -LEADER
fixed length control field 00498cam a2200181ua 4500
041 ## - LANGUAGE CODE
Language code of text/sound track or separate title eng
082 ## - DEWEY DECIMAL CLASSIFICATION NUMBER
Classification number 070.18
Item number SUR/TO
100 ## - MAIN ENTRY--AUTHOR NAME
Personal name Suresh, Ram .
245 ## - TITLE STATEMENT
Title Towards a total reveloution : A documentary of Vinobaji`s toofan yatra in Bihar /
250 ## - EDITION STATEMENT
Edition statement 1 /
260 ## - PUBLICATION, DISTRIBUTION, ETC. (IMPRINT)
Place of publication Thanjavur :
Name of publisher Sarvodaya Prachuralayam ,
Year of publication 1968.
300 ## - PHYSICAL DESCRIPTION
Number of Pages 116 ; .
942 ## - ADDED ENTRY ELEMENTS (KOHA)
Koha item type Books
Holdings
Withdrawn status Lost status Damaged status Home library Current library Date acquired Full call number Accession Number Koha item type
Withdrawn   Damaged KAUAET KAUAET 07/04/2012 070.18 12067 Books
free website counter